000 01188nam a2200397 a 4500
003 AR-BaBNM
005 20251128204900.0
008 082120s2002 ||||||||||||||000 | spa||
020 _a84-7112-201-4
040 _cAR-BaBNM
100 1 _aMarland, Michael
245 0 0 _aEl arte de enseñar
_btécnicas y organización del aula
250 _a2ª ed.
260 _aMadrid
_bEdiciones Morata
_c1985
300 _a150 p.
490 0 _aPedagogía. La pedagogía hoy
500 _aIndice alfabético: p. 148-150
504 _aBibliografía: p. 146
650 4 _aPROCESO DE APRENDIZAJE
650 4 _aRELACION ALUMNO-DOCENTE
650 4 _aAMBIENTE DE LA CLASE
650 4 _aCONSTITUCION DE GRUPOS DE ESTUDIO
650 4 _aRESPONSABILIDAD DEL DOCENTE
650 4 _aROL DEL DOCENTE
650 4 _aORGANIZACION DEL CURSO
650 4 _aTECNICAS DIDACTICAS
650 4 _aREGISTROS DE ALUMNOS
650 4 _aREGISTROS DE ASISTENCIA
650 4 _aELABORACION DE INFORMES
650 4 _aLECTURA EN VOZ ALTA
651 4 _aEspaña
700 1 _aGonzalvo Mainar, Gonzalo
_etraductor
700 1 _aRíos González, José Antonio
_eprologuista
942 _cBK
998 _csilvi
999 _c9182
_d9182